000 01089nam a22002537a 4500
005 20170124103106.0
010 _aB-141211
020 _c200.00
035 _aB-141211
037 _bCen Lib/Ret
040 _aDPL
_bHN
082 _a
_bमोपासा
245 _aमोपासां :
_cअनुवादक आशा गुप्त
_bकी अनूठी कहानियाँ /
246 _aMopasan : ki anuthi kahaniyan
_banuvadak Asha Gupt
260 _aदिल्ली
_bसाहित्यका इंडियन पब्लिकेशन
_c2005
270 _a1362-लोअर ग्राउंड फ्लोर कश्मीरी गेट
_bदिल्ली
_e110006
300 _a184पृष्ठ.
_c21सेमी(सजिल्द)
650 _aहिंदी साहित्य
_978365
650 _aहिंदी कहानी
_978366
650 _ahindi Literature
_978367
650 _aHindi story
_943117
700 _aगुप्त, आशा
_978368
942 _2ddc
_cHN
_h
_mमोपासा
999 _c118109
_d118109